Biblioteca y Centro de Documentación

Argentina in the 20th century (Registro nro. 5912)

Detalles MARC
000 -CABECERA
Longitud fija campo de control 01545nam a2200421 c 4500
001 - NÚMERO DE CONTROL
Número de control 5912
003 - IDENTIFICADOR DE NÚMERO DE CONTROL
Identificador del número de control ES-MaCES
005 - FECHA Y HORA DE LA ÚLTIMA TRANSACCIÓN
Fecha y hora de la última transacción 20150925141953.0
008 - CAMPO FIJO DE DESCRIPCIÓN FIJA--INFORMACIÓN GENERAL
Códigos de información de longitud fija   970929s1997 fr d ||| | eng d
020 ## - ISBN (INTERNATIONAL STANDARD BOOK NUMBER)
Número Internacional Normalizado para Libros (ISBN) 9264154817
035 ## - NÚMERO DE CONTROL DEL SISTEMA
Número de control del sistema CES19980059611m
040 ## - FUENTE DE CATALOGACIÓN
Centro catalogador de origen ES-MaCES
Lengua de catalogación spa
Centro transcriptor ES-MaCES
100 1# - ENCABEZAMIENTO PRINCIPAL--NOMBRE PERSONAL
Nombre de persona Véganzonès, Marie-Ange
9 (RLIN) 25628
245 10 - MENCIÓN DE TÍTULO
Título Argentina in the 20th century
Resto del título : an account of long-awaited growth
Mención de responsabilidad, etc. by Marie-Ange Véganzonès, with Carlos Winograd
260 ## - PUBLICACIÓN, DISTRIBUCIÓN, ETC (PIE DE IMPRENTA)
Lugar de publicación, distribución, etc. Paris
Nombre del editor, distribuidor, etc. Development Centre of the Organisation for Economic Co-operation and Development
Fecha de publicación, distribución, etc. cop. 1997
300 ## - DESCRIPCIÓN FÍSICA
Extensión 275 p.
Otras características físicas gráf.
Dimensiones 23 cm
490 1# - MENCIÓN DE SERIE
Mención de serie Development Centre Studies. Long-term Growth Series
504 ## - NOTA DE BIBLIOGRAFÍA, ETC.
Nota de bibliografía, etc. Bibliografía: p. 261-275
541 ## - NOTA DE LA FUENTE INMEDIANTE DE ADQUISICIÓN
Forma de adquisición Compra
650 #4 - ASIENTO SECUNDARIO DE MATERIA--TÉRMINO DE MATERIA
Término de materia o nombre geográfico como elemento inicial crecimiento económico
9 (RLIN) 27094
650 #4 - ASIENTO SECUNDARIO DE MATERIA--TÉRMINO DE MATERIA
Término de materia o nombre geográfico como elemento inicial condiciones económicas
9 (RLIN) 27081
650 #4 - ASIENTO SECUNDARIO DE MATERIA--TÉRMINO DE MATERIA
Término de materia o nombre geográfico como elemento inicial productividad
9 (RLIN) 28259
650 #4 - ASIENTO SECUNDARIO DE MATERIA--TÉRMINO DE MATERIA
Término de materia o nombre geográfico como elemento inicial intervención estatal
9 (RLIN) 29380
650 #4 - ASIENTO SECUNDARIO DE MATERIA--TÉRMINO DE MATERIA
Término de materia o nombre geográfico como elemento inicial gasto público
9 (RLIN) 28076
650 #4 - ASIENTO SECUNDARIO DE MATERIA--TÉRMINO DE MATERIA
Término de materia o nombre geográfico como elemento inicial mercado financiero
9 (RLIN) 28150
650 #4 - ASIENTO SECUNDARIO DE MATERIA--TÉRMINO DE MATERIA
Término de materia o nombre geográfico como elemento inicial Argentina
9 (RLIN) 26852
650 #4 - ASIENTO SECUNDARIO DE MATERIA--TÉRMINO DE MATERIA
Término de materia o nombre geográfico como elemento inicial 1990-1995
9 (RLIN) 31160
650 #4 - ASIENTO SECUNDARIO DE MATERIA--TÉRMINO DE MATERIA
Término de materia o nombre geográfico como elemento inicial cuadros estadísticos
9 (RLIN) 28890
650 #4 - ASIENTO SECUNDARIO DE MATERIA--TÉRMINO DE MATERIA
Término de materia o nombre geográfico como elemento inicial informe
9 (RLIN) 28986
653 10 - TÉRMINO DE INDEXACIÓN--NO CONTROLADO
Término no controlado Condiciones económicas
650 #4 - ASIENTO SECUNDARIO DE MATERIA--TÉRMINO DE MATERIA
9 (RLIN) 28077
Término de materia o nombre geográfico como elemento inicial hacienda pública
700 1# - ENCABEZAMIENTO SECUNDARIO--NOMBRE PERSONAL
Nombre de persona Winograd, Carlos
9 (RLIN) 26333
710 2# - ENCABEZAMIENTO SECUNDARIO--NOMBRE CORPORATIVO
Nombre de entidad o nombre de jurisdicción como elemento inicial Organización de Cooperación y Desarrollo Económico
Unidad subordinada Centro de Desarrollo
Término indicativo de función ed.
9 (RLIN) 4695
830 #0 - ENCABEZAMIENTO SECUNDARIO DE COLECCIÓN--TÍTULO UNIFORME
Título uniforme Development Centre Studies
Nombre de parte o sección de la obra Long-term Growth Series
9 (RLIN) 32898
902 ## - CES. TIPO DE DOCUMENTO
Tipodoc (006$c Sirtex) LIB Libro
942 ## - ELEMENTOS KOHA
Fuente de clasificaión o esquema Clasificación propia del CES
Koha [por defecto] tipo de item Monografías
Parte de clasificación 0.0.
Existencias
Número de registro Signatura completa Tipo de item de Koha
021606 DPT-9774 Monografías
© CES, Consejo Económico y Social de España 2021